000 01432nam0a22003251 4500
001 RU\INFOCOMM_318\NLR\5000073824
005 20250613102452.0
035 _a(NLR Aleph) 009444505
090 _a8366030
_c8366030
100 _a20121127d1978 |||y0rusy50 ca
101 0 _aeng
_drus
102 _aRU
105 _ay z |||||
200 1 _aInfinite set of conservation laws of the quantum chiral field in two-dimensional space-time
_fI. Ya. Aref'eva, P. P. Kulish, E. R. Nissimov, S. J. Pacheva
210 _aL.
_cNauka
_d1978
215 _a30 с.
_cчерт.
_d21 см
225 1 _aLOMI preprints
_fUSSR Acad. of sciences. Steklov math. inst. Leningrad dep.
_vE-1-1978
300 _aРез. на рус. яз.
300 _aНа обороте тит. л.: И. Я. Арефьева [и др.]. Бесконечное число квантовых законов сохранения двумерного кирального поля
320 _aБиблиогр.: с. 24-26
606 _aКвантовая теория кирального поля
_xЗаконы сохранения
_91119338
_3RU\NLR\AUTH\66443251
620 _aСанкт-Петербург
686 _aИ382.142
_2rubbk
700 1 _9z01790
_aAref'eva
_bI. J.
_gIrina Jaroslavna
790 1 _9z01700
_aAref'eva
_bI. Ya.
_4070
801 1 _aRU
_bNLR
_c20121127
801 0 _aRU
_bINFOCOMM
_gPSBO
852 _aNLR
_jФз01 Д-4/953
942 _cBOOK
980 _aNB